000 01434nam a22001577a 4500
082 _a621
100 _aAbdullah, Muhammad
_924272
245 _aStructural Optimization of Orthopedic Hip Implant Using Different Topology Optimization Algorithms /
_cMuhammad Abdullah
264 _aIslamabad :
_bSMME- NUST;
_c2023.
300 _a76p.
_bSoft Copy
_c30cm
500 _aThis research investigates the reduction in weight of hip implant by the application of parametric and non-parametric optimization techniques. Orthopaedic hip implants can be made from metals, ceramics, composites, or metallic alloys and are generally solid structures. The stiffness of orthopaedic hip implant is a pertaining problem when implanted in the human body as Hip implant are stiffer than bone material and causes stress shielding. This results in bone weakening which causes osteoporosis. Reduction in mass of femur stem results in stiffness reduction of femur stem. Non-Parametric topology optimization results in 34.9 % mass reduction and parametric optimization based on Central Composite Design technique in Design of Experiments (DoE) uses hole diameters as parameters and performs structural optimization that results in 22% mass reduction.
650 _aMS Mechanical Engineering
_9119495
700 _aSupervisor : Dr. Aamir Mubashar
_9119655
856 _uhttp://10.250.8.41:8080/xmlui/handle/123456789/32338
942 _2ddc
_cTHE
999 _c607660
_d607660